<?xml version="1.0" encoding="UTF-8"?>
<record
    xmlns:xsi="http://www.w3.org/2001/XMLSchema-instance"
    xsi:schemaLocation="http://www.loc.gov/MARC21/slim http://www.loc.gov/standards/marcxml/schema/MARC21slim.xsd"
    xmlns="http://www.loc.gov/MARC21/slim">

  <leader>01414nam0a2200313   4500</leader>
  <controlfield tag="001">RU\NLR\bibl\1748843</controlfield>
  <controlfield tag="005">20250616115751.0</controlfield>
  <datafield tag="010" ind1=" " ind2=" ">
    <subfield code="a">978-5-288-05080-0</subfield>
  </datafield>
  <datafield tag="021" ind1=" " ind2=" ">
    <subfield code="a">RU</subfield>
    <subfield code="b">2011-15265</subfield>
    <subfield code="9">1083</subfield>
  </datafield>
  <datafield tag="035" ind1=" " ind2=" ">
    <subfield code="a">(NLR Aleph) 001739714</subfield>
  </datafield>
  <datafield tag="090" ind1=" " ind2=" ">
    <subfield code="a">1451624</subfield>
    <subfield code="c">1451624</subfield>
  </datafield>
  <datafield tag="100" ind1=" " ind2=" ">
    <subfield code="a">20110321d2010    |||y0rusy50      ca</subfield>
  </datafield>
  <datafield tag="101" ind1="1" ind2=" ">
    <subfield code="a">rus</subfield>
    <subfield code="c">cat</subfield>
  </datafield>
  <datafield tag="102" ind1=" " ind2=" ">
    <subfield code="a">RU</subfield>
  </datafield>
  <datafield tag="105" ind1=" " ind2=" ">
    <subfield code="a">y   |||||||||</subfield>
  </datafield>
  <datafield tag="200" ind1="1" ind2=" ">
    <subfield code="a">&#x421;&#x435;&#x440;&#x435;&#x43D;&#x44C;&#x43A;&#x438;&#x439; &#x433;&#x43E;&#x440;&#x43E;&#x434;&#x43E;&#x43A;</subfield>
    <subfield code="d">El poble gris</subfield>
    <subfield code="e">[&#x441;&#x431;&#x43E;&#x440;&#x43D;&#x438;&#x43A; &#x440;&#x430;&#x441;&#x441;&#x43A;&#x430;&#x437;&#x43E;&#x432;]</subfield>
    <subfield code="f">&#x421;&#x430;&#x43D;&#x442;&#x44C;&#x44F;&#x433;&#x43E; &#x420;&#x443;&#x441;&#x438;&#x43D;&#x44C;&#x43E;&#x43B;</subfield>
    <subfield code="g">&#x43F;&#x435;&#x440;. &#x441; &#x43A;&#x430;&#x442;&#x430;&#x43B;&#x430;&#x43D;&#x441;&#x43A;&#x43E;&#x433;&#x43E; [&#x415;&#x43B;&#x435;&#x43D;&#x44B; &#x417;&#x435;&#x440;&#x43D;&#x43E;&#x432;&#x43E;&#x439;]</subfield>
    <subfield code="z">cat</subfield>
  </datafield>
  <datafield tag="210" ind1=" " ind2=" ">
    <subfield code="a">&#x421;&#x430;&#x43D;&#x43A;&#x442;-&#x41F;&#x435;&#x442;&#x435;&#x440;&#x431;&#x443;&#x440;&#x433;</subfield>
    <subfield code="c">&#x418;&#x437;&#x434;-&#x432;&#x43E; &#x421;.-&#x41F;&#x435;&#x442;&#x435;&#x440;&#x431;&#x443;&#x440;&#x433;&#x441;&#x43A;&#x43E;&#x433;&#x43E; &#x443;&#x43D;&#x438;&#x432;&#x435;&#x440;&#x441;&#x438;&#x442;&#x435;&#x442;&#x430;</subfield>
    <subfield code="d">2010</subfield>
  </datafield>
  <datafield tag="215" ind1=" " ind2=" ">
    <subfield code="a">238, [1] &#x441;.</subfield>
    <subfield code="d">17</subfield>
  </datafield>
  <datafield tag="300" ind1=" " ind2=" ">
    <subfield code="a">&#x410;&#x432;&#x442;. &#x442;&#x430;&#x43A;&#x436;&#x435; &#x43D;&#x430; &#x43A;&#x430;&#x442;&#x430;&#x43B;&#x430;&#x43D;&#x441;&#x43A;&#x43E;&#x43C; &#x44F;&#x437;.: Santiago Rusi&#xF1;ol</subfield>
  </datafield>
  <datafield tag="327" ind1="1" ind2=" ">
    <subfield code="a">&#x421;&#x43E;&#x434;&#x435;&#x440;&#x436;.: &#x440;&#x430;&#x441;&#x441;&#x43A;&#x430;&#x437;&#x44B;: &#x413;&#x43E;&#x440;&#x43E;&#x434;&#x43E;&#x43A;; &#x411;&#x435;&#x43A;&#x43E;; &#x421;&#x43F;&#x43E;&#x43A;&#x43E;&#x439;&#x43D;&#x430;&#x44F; &#x436;&#x438;&#x437;&#x43D;&#x44C;; &#x41C;&#x443;&#x445;&#x438;; &#x414;&#x435;&#x442;&#x441;&#x43A;&#x438;&#x439; &#x441;&#x430;&#x434;; &#x421;&#x442;&#x430;&#x440;&#x443;&#x445;&#x438;; &#x41C;&#x435;&#x434;&#x432;&#x435;&#x436;&#x44C;&#x44F; &#x433;&#x43E;&#x441;&#x442;&#x438;&#x43D;&#x438;&#x446;&#x430;; &#x41B;&#x44E;&#x431;&#x43E;&#x432;&#x44C;; &#x418;&#x433;&#x440;&#x430;; &#x41A;&#x440;&#x435;&#x43F;&#x43E;&#x441;&#x442;&#x44C; [&#x438; &#x434;&#x440;.]</subfield>
  </datafield>
  <datafield tag="510" ind1="0" ind2=" ">
    <subfield code="6">z45790</subfield>
    <subfield code="a">El poble gris</subfield>
    <subfield code="z">cat</subfield>
  </datafield>
  <datafield tag="686" ind1=" " ind2=" ">
    <subfield code="a">&#x428;6(4&#x418;&#x441;=&#x41A;)07-4{&#x41B;&#x445;1590}</subfield>
  </datafield>
  <datafield tag="700" ind1=" " ind2="1">
    <subfield code="a">&#x420;&#x443;&#x441;&#x438;&#x43D;&#x44C;&#x43E;&#x43B;</subfield>
    <subfield code="f">1861-1931</subfield>
    <subfield code="g">&#x421;&#x430;&#x43D;&#x442;&#x44C;&#x44F;&#x433;&#x43E;</subfield>
    <subfield code="4">070</subfield>
  </datafield>
  <datafield tag="790" ind1=" " ind2="1">
    <subfield code="6">z45510</subfield>
    <subfield code="a">Rusi&#xF1;ol</subfield>
    <subfield code="b">S.</subfield>
    <subfield code="f">1861-1931</subfield>
    <subfield code="g">Santiago</subfield>
    <subfield code="4">070</subfield>
  </datafield>
  <datafield tag="801" ind1=" " ind2="0">
    <subfield code="a">RU</subfield>
    <subfield code="b">NLR</subfield>
    <subfield code="c">20110321</subfield>
    <subfield code="g">RCR</subfield>
  </datafield>
  <datafield tag="801" ind1=" " ind2="1">
    <subfield code="a">RU</subfield>
    <subfield code="b">NLR</subfield>
    <subfield code="c">20110321</subfield>
  </datafield>
  <datafield tag="942" ind1=" " ind2=" ">
    <subfield code="c">BOOK</subfield>
  </datafield>
  <datafield tag="980" ind1=" " ind2=" ">
    <subfield code="a">NB</subfield>
  </datafield>
  <datafield tag="995" ind1=" " ind2=" ">
    <subfield code="5">2011-03-21</subfield>
    <subfield code="a">ad</subfield>
    <subfield code="b">NLR01</subfield>
    <subfield code="c">NLR01</subfield>
    <subfield code="e">RF8</subfield>
    <subfield code="f">1-2506469</subfield>
    <subfield code="k">2011-2/1000</subfield>
    <subfield code="o">0</subfield>
    <subfield code="r">BOOK</subfield>
    <subfield code="s">201121000_</subfield>
  </datafield>
  <datafield tag="995" ind1=" " ind2=" ">
    <subfield code="5">2011-03-21</subfield>
    <subfield code="a">ad</subfield>
    <subfield code="b">NLR01</subfield>
    <subfield code="c">NLR01</subfield>
    <subfield code="e">RF8</subfield>
    <subfield code="f">3380225</subfield>
    <subfield code="k">2011-2/1000</subfield>
    <subfield code="o">0</subfield>
    <subfield code="r">BOOK</subfield>
    <subfield code="s">201121000_</subfield>
  </datafield>
</record>
